000 00351 a2200169 4500
001 168894
020 _a978-85-08-11561-7
040 _cMagnum
100 _aChaui, Marilena
240 1 0 _aFilosofia
_lpor
245 1 0 _aFilosofia
300 _a280
362 0 _a2009
440 1 _aÁtica
697 _aFILOSOFIA E DISCIPLINAS AFINS
942 _cBK
999 _c168894
_d168894